LEADER 02110nam0 2200469 i 450 001 VAN00126632 005 20240806100822.54 017 70$2N$a9783030209339 100 $a20200211d2019 |0itac50 ba 101 $aeng 102 $aCH 105 $a|||| ||||| 200 1 $aˆA ‰Primer of Permutation Statistical Methods$fKenneth J. Berry, Janis E. Johnston, Paul W. Mielke Jr 210 $aCham$cSpringer$d2019 215 $axxiii, 476 p.$d24 cm 500 1$3VAN00236617$aˆA ‰Primer of Permutation Statistical Methods$91668084 606 $a01-XX$xHistory and biography [MSC 2020]$3VANC021469$2MF 606 $a62-XX$xStatistics [MSC 2020]$3VANC022998$2MF 606 $a62Axx$xFoundational topics in statistics [MSC 2020]$3VANC025026$2MF 606 $a62Gxx$xNonparametric inference [MSC 2020]$3VANC024592$2MF 606 $a62R07$xStatistical aspects of big data and data science [MSC 2020]$3VANC026514$2MF 606 $a68T09$xComputational aspects of data analysis and big data [MSC 2020]$3VANC035916$2MF 610 $aCombinatorics$9KW:K 610 $aContingency tables$9KW:K 610 $aExact tests$9KW:K 610 $aMoment approximation tests$9KW:K 610 $aMonte Carlo tests$9KW:K 610 $aPermutation$9KW:K 610 $aRandomization$9KW:K 620 $aCH$dCham$3VANL001889 700 1$aBerry$bKenneth J.$3VANV089189$0148872 701 1$aJohnston$bJanis E.$3VANV080577$0721657 701 1$aMielke$bPaul W. jr.$3VANV080578$0148871 712 $aSpringer $3VANV108073$4650 801 $aIT$bSOL$c20250530$gRICA 856 4 $uhttp://doi.org/10.1007/978-3-030-20933-9$zE-book ? Accesso al full-text attraverso riconoscimento IP di Ateneo, proxy e/o Shibboleth 899 $aBIBLIOTECA DEL DIPARTIMENTO DI MATEMATICA E FISICA$1IT-CE0120$2VAN08 912 $fN 912 $aVAN00126632 950 $aBIBLIOTECA DEL DIPARTIMENTO DI MATEMATICA E FISICA$d08DLOAD e-book 1472 $e08eMF1472 20200211 996 $aPrimer of Permutation Statistical Methods$91668084 997 $aUNICAMPANIA LEADER 02388nam0 22005173i 450 001 VAN00297304 005 20250730032844.997 017 70$2N$a9783642592683 100 $a20250730d1997 |0itac50 ba 101 $aeng 102 $aDE 105 $a|||| ||||| 181 $ai$b e 182 $ab 183 $acr 200 1 $aIndustrial Statistics$eAims and Computational Aspects$eProceedings of the Satellite Conference to the 51. Session of the International Statistical Institute (ISI), Athens, Greece, August 16-17, 1997$fChristos P. Kitsos, Lutz Edler (eds.) 210 $aBerlin$aHeidelberg$cSpringer$d1997 215 $avii, 273 p.$cill.$d24 cm 410 1$1001VAN00103344$12001 $aContributions to Statistics$1210 $aBerlin [etc.]$cSpringer 606 $a00B25$xProceedings of conferences of miscellaneous specific interest [MSC 2020]$3VANC020732$2MF 606 $a62-XX$xStatistics [MSC 2020]$3VANC022998$2MF 606 $a62P20$xApplications of statistics to economics [MSC 2020]$3VANC026444$2MF 606 $a62P30$xApplications of statistics in engineering and industry; control charts [MSC 2020]$3VANC030774$2MF 606 $a91-XX$xGame theory, economics, finance, and other social and behavioral sciences [MSC 2020]$3VANC025601$2MF 610 $aAnalysis$9KW:K 610 $aMeasure$9KW:K 610 $aMultivariate statistics$9KW:K 610 $aPermutation$9KW:K 610 $aQuality assurance$9KW:K 610 $aRandom variables$9KW:K 610 $aStatistical Methods$9KW:K 610 $aStatistical computing$9KW:K 610 $aStochastic processes$9KW:K 620 $dBerlin$3VANL000066 620 $aDE$dHeidelberg$3VANL000282 702 1$aEdler$bLutz$3VANV252968$4340 702 1$aKitsos$bChristos P.$3VANV087637$4340 712 $aSpringer $3VANV108073$4650 801 $aIT$bSOL$c20251003$gRICA 856 4 $uhttps://doi.org/10.1007/978-3-642-59268-3$zE-book ? Accesso al full-text attraverso riconoscimento IP di Ateneo, proxy e/o Shibboleth 899 $aBIBLIOTECA DEL DIPARTIMENTO DI MATEMATICA E FISICA$1IT-CE0120$2VAN08 912 $fN 912 $aVAN00297304 950 $aBIBLIOTECA DEL DIPARTIMENTO DI MATEMATICA E FISICA$d08DLOAD e-Book 12348 $e08eMF12348 20250929 996 $aIndustrial statistics$9415828 997 $aUNICAMPANIA